000 00596nam a2200205Ia 4500
003 OSt
005 20220926045249.0
006 a|||||r|||| 00| 0
007 ta
008 220923b |||||||| |||| 00| 0 eng d
037 _cGeneral Book
040 _aRTL
_cRTL
_beng
041 _2eng
_aeng
082 _aEsn2, N68, L6.217
245 0 _aNational Sample Survey no.219. Table with notes on annual survey of industries.1968. sample sector detailed results
260 _c1968
300 _a424p.
_ccm.
942 _hEsn2, N68, L6.217
_cGB
_2CC
999 _c677139
_d677139